[Event "IECC Swiss email"]
[Site "IECC email"]
[Date "2001.07.18"]
[Round "?"]
[White "Wittman, Bob"]
[Black "Zuidema, Peter"]
[Result "1-0"]
[WhiteElo "1352"]
[BlackElo "1050"]
[PlyCount "59"]
[EventDate "2001.??.??"]
[EventType "tourn (corr)"]
[EventRounds "6"]
[SourceTitle "Corr 2008"]
[Source "ChessBase"]
[SourceDate "2008.06.24"]
[SourceVersion "1"]
[SourceVersionDate "2008.06.24"]
[SourceQuality "1"]

1. e4 c5 2. Nf3 d6 3. d4 cxd4 4. Nxd4 Nf6 5. Bd3 e6 6. 0-0 Be7 7. Nc3 a6 8. Be3 Nc6 9. Nxc6 bxc6 10. Ne2 d5 11. e5 Nd7 12. f4 0-0 13. Kh1 Qc7 14. c4 Bb7 15. Qc2 g6 16. c5 f6 17. b4 fxe5 18. fxe5 Nxe5 19. Nd4 Qd7 20. Be2 a5 21. a3 Rf6 22. Nf3 Raf8 23. Nxe5 Rxf1+ 24. Rxf1 Qe8 25. Rxf8+ Qxf8 26. bxa5 Qf6 27. Bd4 Qf4 28. Qb2 h5 29. Nxg6 Qf6 30. Bxf6 1-0

[Event "IECC Swiss email"]
[Site "IECC email"]
[Date "2001.05.25"]
[Round "?"]
[White "Wittman, Bob"]
[Black "Harness, Greg"]
[Result "0-1"]
[WhiteElo "1381"]
[BlackElo "1564"]
[PlyCount "30"]
[EventDate "2001.??.??"]
[EventType "tourn (corr)"]
[EventRounds "6"]
[SourceTitle "Corr 2008"]
[Source "ChessBase"]
[SourceDate "2008.06.24"]
[SourceVersion "1"]
[SourceVersionDate "2008.06.24"]
[SourceQuality "1"]

1. c4 c6 2. d4 d5 3. Nf3 Nf6 4. Nc3 dxc4 5. a4 Bf5 6. Ne5 e6 7. Nxc4 Ne4 8. Nxe4 Bxe4 9. Bf4 Bb4+ 10. Bd2 Qd5 11. Ne3 Qxd4 12. Nc2 Bxd2+ 13. Qxd2 Qxb2 14. Rc1 Na6 15. Qd4 Qxc1+ 0-1

[Event "IECC TH-T email"]
[Site "IECC email"]
[Date "2001.03.19"]
[Round "?"]
[White "Wittman, Bob"]
[Black "Remillard, Gerard"]
[Result "1-0"]
[WhiteElo "1412"]
[BlackElo "981"]
[PlyCount "21"]
[EventDate "2001.??.??"]
[EventType "match (corr)"]
[EventRounds "2"]
[SourceTitle "Corr 2008"]
[Source "ChessBase"]
[SourceDate "2008.06.24"]
[SourceVersion "1"]
[SourceVersionDate "2008.06.24"]
[SourceQuality "1"]

1. e4 Nf6 2. e5 Nd5 3. d4 d6 4. Nf3 g6 5. Bc4 Nb4 6. Bb3 N8c6 7. a3 Nd5 8. Bxd5 Na5 9. 0-0 Bg7 10. b4 c6 11. Ba2 1-0

[Event "IECC TH-T email"]
[Site "IECC email"]
[Date "2001.03.18"]
[Round "?"]
[White "Wittman, Bob"]
[Black "Byrne, Brian"]
[Result "0-1"]
[WhiteElo "1362"]
[BlackElo "1501"]
[PlyCount "32"]
[EventDate "2001.??.??"]
[EventType "match (corr)"]
[EventRounds "2"]
[SourceTitle "Corr 2008"]
[Source "ChessBase"]
[SourceDate "2008.06.24"]
[SourceVersion "1"]
[SourceVersionDate "2008.06.24"]
[SourceQuality "1"]

1. e4 Nf6 2. e5 Nd5 3. d4 d6 4. Nf3 g6 5. Bc4 Nb6 6. Bb3 Bg7 7. a4 a5 8. 0-0 0-0 9. Bf4 Nc6 10. c4 Bf5 11. Bc2 dxe5 12. Bxe5 Nxe5 13. Bxf5 Nxf3+ 14. Qxf3 gxf5 15. c5 Nc4 16. b3 Qxd4 0-1

[Event "IECC Swiss email"]
[Site "IECC email"]
[Date "2001.01.16"]
[Round "?"]
[White "Wittman, Bob"]
[Black "Richard, Andy"]
[Result "1-0"]
[WhiteElo "1411"]
[BlackElo "1347"]
[PlyCount "41"]
[EventDate "2001.??.??"]
[EventType "tourn (corr)"]
[EventRounds "6"]
[SourceTitle "Corr 2008"]
[Source "ChessBase"]
[SourceDate "2008.06.24"]
[SourceVersion "1"]
[SourceVersionDate "2008.06.24"]
[SourceQuality "1"]

1. c4 e6 2. Nc3 f5 3. d4 Nf6 4. Bf4 d5 5. e3 c6 6. a3 Be7 7. Nf3 0-0 8. Bd3 Nbd7 9. 0-0 Ne4 10. Bxe4 fxe4 11. Ne5 Nxe5 12. Bxe5 b6 13. b4 Bf6 14. f4 exf3 15. Bxf6 Rxf6 16. Rxf3 dxc4 17. Rxf6 Qxf6 18. Qe2 b5 19. Ne4 Qe7 20. Rf1 e5 21. dxe5 1-0

[Event "IECC TH-T email"]
[Site "IECC email"]
[Date "2000.12.30"]
[Round "?"]
[White "Wittman, Bob"]
[Black "Baier, Andreas"]
[Result "1/2-1/2"]
[WhiteElo "1319"]
[BlackElo "1358"]
[PlyCount "66"]
[EventDate "2000.??.??"]
[EventType "match (corr)"]
[EventRounds "2"]
[SourceTitle "Corr 2008"]
[Source "ChessBase"]
[SourceDate "2008.06.24"]
[SourceVersion "1"]
[SourceVersionDate "2008.06.24"]
[SourceQuality "1"]

1. d4 d5 2. c4 c6 3. Nc3 e6 4. Nf3 dxc4 5. a4 Bb4 6. e3 b5 7. Bd2 a5 8. axb5 Bxc3 9. Bxc3 cxb5 10. b3 Bb7 11. d5 Nf6 12. bxc4 b4 13. Bxf6 Qxf6 14. Qa4+ Nd7 15. Nd4 e5 16. Nb3 Ke7 17. Qb5 Ba6 18. Qxa5 Rhb8 19. Qc7 Rc8 20. d6+ Qxd6 21. Qxd6+ Kxd6 22. Bd3 Nc5 23. Nxc5 Rxc5 24. 0-0 Rcc8 25. Rfb1 Rcb8 26. Ra5 Bb7 27. Rb5 Bc6 28. R5xb4 Rxb4 29. Rxb4 Ra1+ 30. Bf1 Be4 31. Rb6+ Kc5 32. Rb5+ Kc6 33. Rb3 Rc1 1/2-1/2

[Event "IECC Swiss email"]
[Site "IECC email"]
[Date "2000.08.10"]
[Round "?"]
[White "Wittman, Bob"]
[Black "Cashon, John J"]
[Result "0-1"]
[WhiteElo "1343"]
[BlackElo "1932"]
[PlyCount "88"]
[EventDate "2000.??.??"]
[EventType "tourn (corr)"]
[EventRounds "6"]
[SourceTitle "Corr 2008"]
[Source "ChessBase"]
[SourceDate "2008.06.24"]
[SourceVersion "1"]
[SourceVersionDate "2008.06.24"]
[SourceQuality "1"]

1. d4 Nf6 2. c4 g6 3. Nc3 Bg7 4. e4 0-0 5. Nf3 d6 6. Be2 e5 7. 0-0 Nc6 8. d5 Ne7 9. Ne1 Nd7 10. f3 b6 11. Bg5 h6 12. Bh4 a5 13. Nc2 Ba6 14. b4 g5 15. Bf2 axb4 16. Nxb4 Bb7 17. a4 Ng6 18. g3 Nf6 19. Be3 Qd7 20. Nd3 Rfe8 21. Rf2 Red8 22. Rb1 Bc8 23. Qb3 Ba6 24. Bf1 Rdc8 25. Rfb2 g4 26. Nf2 h5 27. h4 gxf3 28. Qd1 Re8 29. Qxf3 Ng4 30. Bh3 f5 31. Qxf5 Qxf5 32. exf5 Nxe3 33. fxg6 Bxc4 34. Be6+ Rxe6 35. dxe6 Bxe6 36. Re1 Nd5 37. Nxd5 Bxd5 38. Rb4 Bh6 39. Ne4 Kg7 40. g4 hxg4 41. h5 Rh8 42. Rf1 Be3+ 43. Kg2 Rxh5 44. Kg3 Rh3+ 0-1

[Event "IECC CL6-2000.24"]
[Site "IECC email"]
[Date "2000.07.24"]
[Round "?"]
[White "Wittman, Bob"]
[Black "Stone, Stephan"]
[Result "0-1"]
[WhiteElo "1352"]
[BlackElo "1307"]
[PlyCount "48"]
[EventDate "2000.??.??"]
[EventType "tourn (corr)"]
[EventRounds "4"]
[SourceTitle "Corr 2008"]
[Source "ChessBase"]
[SourceDate "2008.06.24"]
[SourceVersion "1"]
[SourceVersionDate "2008.06.24"]
[SourceQuality "1"]

1. c4 c6 2. Nc3 d5 3. d4 Nf6 4. Nf3 e6 5. Bg5 h6 6. Bh4 dxc4 7. e4 g5 8. Bg3 b5 9. Be2 Bb7 10. Ne5 b4 11. Na4 Nxe4 12. Nxf7 Kxf7 13. Bh5+ Kg8 14. Qf3 Nf6 15. Be5 Nbd7 16. Bg4 Nxe5 17. Bxe6+ Nf7 18. Rd1 Qe7 19. Nc5 Bc8 20. Qxc6 Bxe6 21. Nxe6 Rd8 22. d5 Ne5 23. Qb5 Nd3+ 24. Kf1 Rxd5 0-1

[Event "IECC TH-T email"]
[Site "IECC email"]
[Date "2000.06.12"]
[Round "?"]
[White "Wittman, Bob"]
[Black "Harris, Neil"]
[Result "1-0"]
[WhiteElo "1320"]
[BlackElo "1165"]
[PlyCount "61"]
[EventDate "2000.??.??"]
[EventType "match (corr)"]
[EventRounds "2"]
[SourceTitle "Corr 2008"]
[Source "ChessBase"]
[SourceDate "2008.06.24"]
[SourceVersion "1"]
[SourceVersionDate "2008.06.24"]
[SourceQuality "1"]

1. e4 c6 2. d4 d5 3. exd5 cxd5 4. c4 Nf6 5. c5 e5 6. Nf3 e4 7. Ne5 g6 8. Bg5 Bg7 9. Bb5+ Bd7 10. Qb3 0-0 11. Nc3 Be6 12. 0-0 a6 13. Be2 Qc7 14. f4 Nc6 15. Rad1 Bc8 16. Na4 Nd7 17. Qxd5 Ndxe5 18. fxe5 Be6 19. Qxe4 Bxa2 20. Nb6 Rae8 21. Bc4 Bxc4 22. Nxc4 Na5 23. Nd6 Re6 24. Qd5 b5 25. Ra1 Nc4 26. Rxa6 Nxd6 27. Rxd6 Rxd6 28. cxd6 Qa5 29. Be7 Rb8 30. d7 Rd8 31. Qxf7+ 1-0

[Event "IECC TH-T email"]
[Site "IECC email"]
[Date "2000.05.27"]
[Round "?"]
[White "Wey, Geoffrey"]
[Black "Wittman, Bob"]
[Result "0-1"]
[WhiteElo "1357"]
[BlackElo "1319"]
[PlyCount "62"]
[EventDate "2000.??.??"]
[EventType "match (corr)"]
[EventRounds "2"]
[SourceTitle "Corr 2008"]
[Source "ChessBase"]
[SourceDate "2008.06.24"]
[SourceVersion "1"]
[SourceVersionDate "2008.06.24"]
[SourceQuality "1"]

1. d4 Nf6 2. c4 e6 3. Nc3 Bb4 4. a3 Bxc3+ 5. bxc3 d5 6. cxd5 exd5 7. e3 0-0 8. Bd3 Nbd7 9. Nf3 Ne4 10. Qc2 Ndf6 11. 0-0 b6 12. Nd2 Bb7 13. f3 Ng5 14. c4 Qe7 15. Re1 Ne6 16. cxd5 Nxd4 17. Qc4 c5 18. Bb2 Bxd5 19. exd4 Bxc4 20. Rxe7 Bxd3 21. dxc5 bxc5 22. Bxf6 gxf6 23. Rc7 Rfc8 24. Rxc8+ Rxc8 25. Rc1 c4 26. Kf2 c3 27. Ke3 Bg6 28. Nb3 c2 29. Nd4 h5 30. f4 Rc3+ 31. Kd2 Rd3+ 0-1

[Event "IECC P email"]
[Site "IECC email"]
[Date "2000.03.06"]
[Round "?"]
[White "Harris, Neil"]
[Black "Wittman, Bob"]
[Result "0-1"]
[WhiteElo "1178"]
[BlackElo "1365"]
[PlyCount "70"]
[EventDate "2000.??.??"]
[EventType "tourn (corr)"]
[EventRounds "6"]
[SourceTitle "Corr 2008"]
[Source "ChessBase"]
[SourceDate "2008.06.24"]
[SourceVersion "1"]
[SourceVersionDate "2008.06.24"]
[SourceQuality "1"]

1. e4 e6 2. d4 d5 3. Nc3 Bb4 4. Nge2 dxe4 5. Bd2 Nf6 6. a3 Bd6 7. g3 b6 8. b4 Bb7 9. Bg2 0-0 10. 0-0 a6 11. Nf4 Nbd7 12. Be3 b5 13. Nce2 Nb6 14. c3 Nc4 15. Bc1 Nd5 16. Qc2 e3 17. Kh1 exf2 18. Rxf2 Qf6 19. Kg1 Qe7 20. Nh5 Nde3 21. Bxe3 Nxe3 22. Qd2 Nxg2 23. Nxg7 Kxg7 24. Nf4 Nxf4 25. gxf4 f5 26. Kf1 Be4 27. Ke1 Qh4 28. Ke2 Rf6 29. Rg1+ Rg6 30. Rgf1 Rg8 31. Qc1 Kf7 32. c4 Rg2 33. Qe1 Rxf2+ 34. Rxf2 bxc4 35. a4 Rg2 0-1

[Event "IECC TH-T email"]
[Site "IECC email"]
[Date "2000.01.12"]
[Round "?"]
[White "Stein, Rick"]
[Black "Wittman, Bob"]
[Result "1-0"]
[WhiteElo "1902"]
[BlackElo "1295"]
[PlyCount "61"]
[EventDate "2000.??.??"]
[EventType "match (corr)"]
[EventRounds "2"]
[SourceTitle "Corr 2008"]
[Source "ChessBase"]
[SourceDate "2008.06.24"]
[SourceVersion "1"]
[SourceVersionDate "2008.06.24"]
[SourceQuality "1"]

1. e4 e6 2. d4 d5 3. Nc3 Bb4 4. e5 c5 5. a3 Bxc3+ 6. bxc3 Ne7 7. a4 Qa5 8. Qd2 Nbc6 9. Nf3 Bd7 10. Be2 f6 11. exf6 gxf6 12. 0-0 0-0-0 13. Ba3 cxd4 14. Nxd4 Nxd4 15. Bxe7 Nxe2+ 16. Qxe2 Rde8 17. Bxf6 Rhg8 18. f4 Bxa4 19. Qh5 Rg6 20. f5 Rxf6 21. Qxe8+ Bxe8 22. Rxa5 a6 23. fxe6 Rxe6 24. Rxd5 Bg6 25. c4 Bxc2 26. Rf8+ Kc7 27. Rf7+ Kc6 28. Rdd7 Bb3 29. Rc7+ Kb6 30. Rxb7+ Ka5 31. Rxb3 1-0

[Event "IECC CL6-2000.03"]
[Site "IECC email"]
[Date "1999.11.07"]
[Round "?"]
[White "Wittman, Bob"]
[Black "Bunch, Stanley"]
[Result "1-0"]
[WhiteElo "1302"]
[BlackElo "1318"]
[PlyCount "69"]
[EventDate "2000.??.??"]
[EventType "tourn (corr)"]
[EventRounds "4"]
[SourceTitle "Corr 2008"]
[Source "ChessBase"]
[SourceDate "2008.06.24"]
[SourceVersion "1"]
[SourceVersionDate "2008.06.24"]
[SourceQuality "1"]

1. c4 b6 2. Nc3 Bb7 3. d4 e6 4. e4 Bb4 5. Bd2 Bxc3 6. Bxc3 Bxe4 7. d5 Nf6 8. dxe6 fxe6 9. Nf3 0-0 10. Be2 d5 11. 0-0 c5 12. Ng5 Qd7 13. Be5 Nc6 14. Bxf6 Bxg2 15. Kxg2 gxf6 16. Nxe6 Qxe6 17. cxd5 Qe4+ 18. Bf3 Qg6+ 19. Kh1 Nd4 20. Rg1 Qxg1+ 21. Qxg1+ Kh8 22. Qd1 Rg8 23. Qd3 Rae8 24. Rg1 Rgf8 25. Qd1 Re5 26. Bg2 f5 27. Re1 Rfe8 28. Rxe5 Rxe5 29. Qh5 Re1+ 30. Bf1 Rxf1+ 31. Kg2 Re1 32. Qf7 h6 33. d6 Re6 34. d7 Rd6 35. Qf8+ 1-0

[Event "IECC CL6-2000.01"]
[Site "IECC email"]
[Date "1999.10.16"]
[Round "?"]
[White "Richard, Andy"]
[Black "Wittman, Bob"]
[Result "1/2-1/2"]
[WhiteElo "1255"]
[BlackElo "1300"]
[PlyCount "53"]
[EventDate "2000.??.??"]
[EventType "tourn (corr)"]
[EventRounds "4"]
[SourceTitle "Corr 2008"]
[Source "ChessBase"]
[SourceDate "2008.06.24"]
[SourceVersion "1"]
[SourceVersionDate "2008.06.24"]
[SourceQuality "1"]

1. f4 d5 2. Nf3 g6 3. e3 Nf6 4. b3 Bg7 5. Bb2 0-0 6. c4 c6 7. Be2 Bf5 8. cxd5 cxd5 9. 0-0 Nbd7 10. Nd4 Bxb1 11. Rxb1 Ne4 12. d3 Nd6 13. Rc1 Nf5 14. Nxf5 Bxb2 15. Rc2 Ba3 16. Nh6+ Kg7 17. Ng4 f6 18. f5 g5 19. d4 Bd6 20. Qd2 Nb6 21. Rfc1 Qd7 22. Bd3 Rfc8 23. e4 Ba3 24. Rxc8 Rxc8 25. Rxc8 Qxc8 26. e5 Qc1+ 27. Qxc1 1/2-1/2

[Event "IECC CL6-2000.01"]
[Site "IECC email"]
[Date "1999.10.16"]
[Round "?"]
[White "Wittman, Bob"]
[Black "Williams, Derek"]
[Result "0-1"]
[WhiteElo "1291"]
[BlackElo "1335"]
[PlyCount "44"]
[EventDate "2000.??.??"]
[EventType "tourn (corr)"]
[EventRounds "4"]
[SourceTitle "Corr 2008"]
[Source "ChessBase"]
[SourceDate "2008.06.24"]
[SourceVersion "1"]
[SourceVersionDate "2008.06.24"]
[SourceQuality "1"]

1. c4 e5 2. Nc3 Nc6 3. g3 Bc5 4. Bg2 Nf6 5. Nf3 0-0 6. 0-0 d6 7. d3 Bf5 8. e4 Bg4 9. a3 a5 10. Bg5 h6 11. Bd2 Nd4 12. h3 Nxf3+ 13. Bxf3 Bxh3 14. Re1 Qd7 15. Nd5 Ng4 16. Ne3 f5 17. Bg2 Bxg2 18. Kxg2 Bxe3 19. Bxe3 f4 20. gxf4 exf4 21. Bxf4 Rxf4 22. d4 Qe7 0-1